00812nam a2200253Ia 450000500170000000800410001702000260005804000190008404100120010308200170011510000190013224500690015125000120022026000480023230000380028050400190031863000440033765000160038165100250039785000100042294200070043299900160043995201030045520231110114632.0131103s9999 xx 000 0 und d a81-85095-70-1cRs. 57 aLoreto College aEnglish a320.973bPET aPeters, B. Guy aAmerican public policyb promise and performance cB. Guy Peters a2nd ed. aNew DelhibAffiliated East-West Pressc1988 aviii,344 p.b ill.,figures,tables aIncludes index aUnited States - Politics and Government aPolitics -  aPolitical Science -  aLCLIB cBK c1237d51716 00102ddc4070aMAINbMAINd2013-11-04l0o320.973 PET 37277pB1869r2013-11-04w2013-11-04yBKf